Name the dog breed in 1 minute - Statistics

General Stats
  • This quiz has been taken 17 times
  • The average score is 6 of 13
Answer Stats
Picture Answer % Correct
Labrador
100%
Dalmation
92%
St. Bernard
75%
Chihuahua
67%
Dachshund
58%
Poodle
58%
French bulldog
50%
King Charles cavalier spaniel
33%
Whippet
25%
Labradoodle
17%
Vizla
17%
Puggle
8%
Cockapoo
0%
No matching quizzes found
Score Distribution
Percent of People with Each Score
Percentile by Number Answered
Your Score History
You have not taken this quiz